ՀՀ Գիտությունների ազգային ակադեմիայի հիմնարար գիտական գրադարան  =   Fundamental Scientific Library of NAS RA

Պայքար : (Record no. 310694)

MARC details
000 -LEADER
fixed length control field 01187nas a2200265 a 4500
001 - CONTROL NUMBER
control field 000886927
003 - CONTROL NUMBER IDENTIFIER
control field AM-YeHGA
005 - DATE AND TIME OF LATEST TRANSACTION
control field 20250618074102.0
008 - FIXED-LENGTH DATA ELEMENTS--GENERAL INFORMATION
fixed length control field 120425c19179999gs wrzp 0 0arm d
040 ## - CATALOGING SOURCE
Original cataloging agency AM-YeHGA
041 0# - LANGUAGE CODE
Language code of text/sound track or separate title arm
090 ## - LOCALLY ASSIGNED LC-TYPE CALL NUMBER (OCLC); LOCAL CALL NUMBER (RLIN)
-- 312411
245 00 - TITLE STATEMENT
Title Պայքար :
Remainder of title Գրական, հասարակական, քաղաքական և տնտեսական շաբաթաթերթ /
Statement of responsibility, etc. Օրգան Սոցիալ-դեմոկրատական բանվորական կուսակցության Անդրկովկասի կազմակերպություն.
260 ## - PUBLICATION, DISTRIBUTION, ETC.
Place of publication, distribution, etc. Թիֆլիս :
Name of publisher, distributor, etc. Ա. Հ.,
Date of publication, distribution, etc. 1917-.
300 ## - PHYSICAL DESCRIPTION
Extent համար :
Other physical details նկ.
310 ## - CURRENT PUBLICATION FREQUENCY
Current publication frequency Շաբաթաթերթ
362 ## - DATES OF PUBLICATION AND/OR SEQUENTIAL DESIGNATION
Dates of publication and/or sequential designation 1917-
500 ## - GENERAL NOTE
General note Այսուհետև նաև օրաթերթ
650 04 - SUBJECT ADDED ENTRY--TOPICAL TERM
Topical term or geographic name entry element Ամսագիր
650 14 - SUBJECT ADDED ENTRY--TOPICAL TERM
Topical term or geographic name entry element Գրականություն
Form subdivision Պարբերականներ
9 (RLIN) 8507
650 14 - SUBJECT ADDED ENTRY--TOPICAL TERM
Topical term or geographic name entry element Տնտեսություն
Form subdivision Պարբերականներ
650 14 - SUBJECT ADDED ENTRY--TOPICAL TERM
Topical term or geographic name entry element Քաղաքականություն
Form subdivision Պարբերականներ
710 2# - ADDED ENTRY--CORPORATE NAME
Corporate name or jurisdiction name as entry element Օրգան Սոցիալ-դեմոկրատական բանվորական կուսակցության Անդրկովկասի կազմակերպություն
942 ## - ADDED ENTRY ELEMENTS (KOHA)
Source of classification or shelving scheme Universal Decimal Classification
Koha item type Շարունակական պաշար / Continuing Resource
Holdings
Withdrawn status Lost status Damaged status Not for loan Collection Home library Current library Date acquired Serial enumeration / chronology Total checkouts Barcode Date last seen Price effective from Koha item type Public note
        General Fundamental Scientific Library Fundamental Scientific Library 09/01/2017 1917, ապրիլ-հոկտեմբեր   887811-10 09/01/2017 09/01/2017 Շարունակական պաշար / Continuing Resource ILL Non-Circ.
        General Fundamental Scientific Library Fundamental Scientific Library 09/01/2017 1918, մարտ-մայիս   887811-20 09/01/2017 09/01/2017 Շարունակական պաշար / Continuing Resource ILL Non-Circ.


ՀՀ ԳԱԱ հիմնարար գիտական գրադարան
ՀՀ,Երևան 0019
Մարշալ Բաղրամյան 24/6
հեռախոս:(374-10) 52-47-50
Հետադարձ կապ

All site content, except where otherwise noted, is licensed under a
Creative Commons License